[Event "DVM U16 2023"]
[Site "Magdeburg GER"]
[Date "2023.12.28"]
[Round "4"]
[White "Seymer, Adam"]
[Black "Laux, Filip"]
[Result "1-0"]
[Termination "normal"]
[Board "9.3"]
[WhiteElo "1694"]
[BlackElo "1589"]
[WhiteClock "00:26:18"]
[BlackClock "00:07:10"]
[WhiteTeam "SG Grün-Weiß Dresden"]
[BlackTeam "VSG 1880 Offenbach"]
[PlyCount "191"]
[WhiteFideId "34651802"]
[BlackFideId "16275730"]
[EventCountry "GER"]
[EventRounds "7"]
[EventType "team-swiss"]
[EventDate "2023.12.26"]

1. e4 {[%clk 01:30:58]} c6 {[%clk 01:30:47]} {[%emt 00:00:13]} 2. d4 {[%clk
01:31:21]} {[%emt 00:00:08]} d5 {[%clk 01:30:58]} {[%emt 00:00:20]} 3. e5
{[%clk 01:31:42]} {[%emt 00:00:08]} Bf5 {[%clk 01:31:09]} {[%emt 00:00:18]} 4.
Nf3 {[%clk 01:31:59]} {[%emt 00:00:13]} e6 {[%clk 01:31:17]} {[%emt 00:00:23]}
5. Be2 {[%clk 01:32:19]} {[%emt 00:00:10]} c5 {[%clk 01:31:21]} {[%emt
00:00:26]} 6. O-O {[%clk 01:32:37]} {[%emt 00:00:11]} Nd7 {[%clk 01:31:14]}
{[%emt 00:00:38]} 7. c3 {[%clk 01:26:19]} {[%emt 00:06:48]} Ne7 {[%clk
01:31:11]} {[%emt 00:00:33]} 8. Be3 {[%clk 01:26:07]} {[%emt 00:00:42]} Nc6
{[%clk 01:30:53]} {[%emt 00:00:48]} 9. Nbd2 {[%clk 01:25:03]} {[%emt 00:01:33]}
Be7 {[%clk 01:29:27]} {[%emt 00:01:57]} 10. dxc5 {[%clk 01:22:04]} {[%emt
00:03:29]} Bxc5 {[%clk 01:29:36]} {[%emt 00:00:21]} 11. Bxc5 {[%clk 01:20:00]}
{[%emt 00:02:34]} Nxc5 {[%clk 01:29:58]} {[%emt 00:00:08]} 12. Bb5 {[%clk
01:17:55]} {[%emt 00:02:35]} O-O {[%clk 01:28:47]} {[%emt 00:01:41]} 13. Nb3
{[%clk 01:17:44]} {[%emt 00:00:44]} Qb6 {[%clk 01:23:49]} {[%emt 00:05:24]} 14.
Bxc6 {[%clk 01:16:50]} {[%emt 00:01:25]} bxc6 {[%clk 01:23:35]} {[%emt
00:00:44]} 15. Nxc5 {[%clk 01:16:11]} {[%emt 00:01:09]} Qxc5 {[%clk 01:23:41]}
{[%emt 00:00:24]} 16. Qd4 {[%clk 01:16:24]} {[%emt 00:00:17]} Qb6 {[%clk
01:18:12]} {[%emt 00:06:00]} 17. Qxb6 {[%clk 01:15:43]} {[%emt 00:01:11]} axb6
{[%clk 01:18:33]} {[%emt 00:00:09]} 18. Nd4 {[%clk 01:16:05]} {[%emt 00:00:08]}
c5 {[%clk 01:18:19]} {[%emt 00:00:45]} 19. Nxf5 {[%clk 01:16:11]} {[%emt
00:00:23]} exf5 {[%clk 01:18:47]} {[%emt 00:00:02]} 20. a3 {[%clk 01:15:23]}
{[%emt 00:01:17]} Rfd8 {[%clk 01:18:09]} {[%emt 00:01:09]} 21. Rad1 {[%clk
01:15:12]} {[%emt 00:00:41]} Kf8 {[%clk 01:16:24]} {[%emt 00:02:15]} 22. f4
{[%clk 01:13:53]} {[%emt 00:01:49]} Ra4 {[%clk 01:13:14]} {[%emt 00:03:40]} 23.
Rd3 {[%clk 01:13:08]} {[%emt 00:01:15]} Ke7 {[%clk 01:12:40]} {[%emt 00:01:04]}
24. g3 {[%clk 01:12:29]} {[%emt 00:01:09]} Ke6 {[%clk 01:06:37]} {[%emt
00:06:33]} 25. Kf2 {[%clk 01:11:09]} {[%emt 00:01:50]} Re4 {[%clk 01:00:04]}
{[%emt 00:07:03]} 26. Re1 {[%clk 01:08:44]} {[%emt 00:02:55]} h6 {[%clk
00:52:29]} {[%emt 00:08:05]} 27. Rg1 {[%clk 01:07:53]} {[%emt 00:01:21]} f6
{[%clk 00:51:36]} {[%emt 00:01:23]} 28. exf6 {[%clk 01:07:37]} {[%emt
00:00:46]} Kxf6 {[%clk 00:51:55]} {[%emt 00:00:11]} 29. Rgd1 {[%clk 01:07:45]}
{[%emt 00:00:22]} Ke6 {[%clk 00:51:53]} {[%emt 00:00:31]} 30. Kf3 {[%clk
01:08:02]} {[%emt 00:00:14]} g5 {[%clk 00:48:41]} {[%emt 00:03:42]} 31. h4
{[%clk 01:05:32]} {[%emt 00:03:00]} g4+ {[%clk 00:45:07]} {[%emt 00:04:03]} 32.
Kf2 {[%clk 01:05:49]} {[%emt 00:00:13]} d4 {[%clk 00:44:33]} {[%emt 00:01:04]}
33. cxd4 {[%clk 01:05:11]} {[%emt 00:01:09]} Rdxd4 {[%clk 00:41:48]} {[%emt
00:03:15]} 34. Rxd4 {[%clk 01:04:56]} {[%emt 00:00:45]} cxd4 {[%clk 00:40:21]}
{[%emt 00:01:57]} 35. Rd3 {[%clk 00:59:38]} {[%emt 00:05:47]} Kd5 {[%clk
00:39:47]} {[%emt 00:01:04]} 36. Rb3 {[%clk 00:58:42]} {[%emt 00:01:26]} Re6
{[%clk 00:35:07]} {[%emt 00:05:11]} 37. Rb5+ {[%clk 00:54:48]} {[%emt
00:04:24]} Ke4 {[%clk 00:33:03]} {[%emt 00:02:34]} 38. Ke2 {[%clk 00:54:52]}
{[%emt 00:00:26]} d3+ {[%clk 00:28:52]} {[%emt 00:04:41]} 39. Kd2 {[%clk
00:55:02]} {[%emt 00:00:19]} Kf3 {[%clk 00:28:11]} {[%emt 00:01:11]} 40. Re5
{[%clk 00:52:37]} {[%emt 00:02:55]} Rd6 {[%clk 00:27:57]} {[%emt 00:00:45]} 41.
Re3+ {[%clk 00:52:51]} {[%emt 00:00:16]} Kf2 {[%clk 00:27:55]} {[%emt
00:00:33]} 42. h5 {[%clk 00:51:46]} {[%emt 00:01:34]} Kg2 {[%clk 00:23:50]}
{[%emt 00:04:35]} 43. b4 {[%clk 00:34:29]} {[%emt 00:17:47]} b5 {[%clk
00:21:29]} {[%emt 00:02:52]} 44. Rxd3 {[%clk 00:09:26]} {[%emt 00:25:33]} Rxd3+
{[%clk 00:20:13]} {[%emt 00:01:46]} 45. Kxd3 {[%clk 00:09:46]} {[%emt
00:00:09]} Kxg3 {[%clk 00:20:38]} {[%emt 00:00:05]} 46. a4 {[%clk 00:10:06]}
{[%emt 00:00:09]} Kf2 {[%clk 00:20:09]} {[%emt 00:01:00]} 47. axb5 {[%clk
00:09:53]} {[%emt 00:00:42]} g3 {[%clk 00:20:29]} {[%emt 00:00:11]} 48. b6
{[%clk 00:09:14]} {[%emt 00:01:08]} g2 {[%clk 00:20:54]} {[%emt 00:00:07]} 49.
b7 {[%clk 00:09:38]} {[%emt 00:00:06]} g1=Q {[%clk 00:21:18]} {[%emt 00:00:06]}
50. b8=Q {[%clk 00:09:52]} {[%emt 00:00:14]} Qd1+ {[%clk 00:21:10]} {[%emt
00:00:39]} 51. Kc4 {[%clk 00:10:05]} {[%emt 00:00:16]} Qc2+ {[%clk 00:20:05]}
{[%emt 00:01:36]} 52. Kb5 {[%clk 00:09:24]} {[%emt 00:01:11]} Qe2+ {[%clk
00:18:38]} {[%emt 00:01:57]} 53. Kc6 {[%clk 00:08:35]} {[%emt 00:01:18]} Qc4+
{[%clk 00:18:17]} {[%emt 00:00:52]} 54. Kd7 {[%clk 00:08:43]} {[%emt 00:00:21]}
Qf7+ {[%clk 00:16:50]} {[%emt 00:01:58]} 55. Kd8 {[%clk 00:08:23]} {[%emt
00:00:51]} Qf8+ {[%clk 00:15:29]} {[%emt 00:01:50]} 56. Kc7 {[%clk 00:08:43]}
{[%emt 00:00:10]} Qe7+ {[%clk 00:15:30]} {[%emt 00:00:29]} 57. Kc8 {[%clk
00:07:54]} {[%emt 00:01:18]} Qf8+ {[%clk 00:14:48]} {[%emt 00:01:13]} 58. Kc7
{[%clk 00:07:18]} {[%emt 00:01:07]} Qe7+ {[%clk 00:14:58]} {[%emt 00:00:20]}
59. Kc6 {[%clk 00:07:33]} {[%emt 00:00:14]} Qe4+ {[%clk 00:15:07]} {[%emt
00:00:20]} 60. Kc5 {[%clk 00:05:35]} {[%emt 00:02:29]} Qc2+ {[%clk 00:13:53]}
{[%emt 00:01:44]} 61. Kb6 {[%clk 00:05:39]} {[%emt 00:00:25]} Qd2 {[%clk
00:11:21]} {[%emt 00:03:02]} 62. b5 {[%clk 00:05:20]} {[%emt 00:00:50]} Qd4+
{[%clk 00:11:15]} {[%emt 00:00:35]} 63. Kb7 {[%clk 00:02:31]} {[%emt 00:03:19]}
Qe4+ {[%clk 00:11:09]} {[%emt 00:00:35]} 64. Ka7 {[%clk 00:02:23]} {[%emt
00:00:40]} Qa4+ {[%clk 00:09:40]} {[%emt 00:01:59]} 65. Kb6 {[%clk 00:02:43]}
{[%emt 00:00:10]} Qd4+ {[%clk 00:08:58]} {[%emt 00:01:10]} 66. Kc6 {[%clk
00:03:06]} {[%emt 00:00:09]} Qc4+ {[%clk 00:08:11]} {[%emt 00:01:16]} 67. Kd7
{[%clk 00:03:25]} {[%emt 00:00:11]} Qd5+ {[%clk 00:06:01]} {[%emt 00:02:41]}
68. Ke7 {[%clk 00:30:02]} {[%emt 00:03:53]} Qc5+ {[%clk 00:35:35]} {[%emt
00:00:55]} 69. Kf6 {[%clk 00:30:00]} {[%emt 00:00:33]} Qd4+ {[%clk 00:34:13]}
{[%emt 00:01:52]} 70. Qe5 {[%clk 00:30:15]} {[%emt 00:00:15]} Qd8+ {[%clk
00:34:23]} {[%emt 00:00:18]} 71. Kxf5 {[%clk 00:30:20]} {[%emt 00:00:26]} Qd7+
{[%clk 00:32:39]} {[%emt 00:02:13]} 72. Kg6 {[%clk 00:30:34]} {[%emt 00:00:17]}
Qd8 {[%clk 00:31:26]} {[%emt 00:01:43]} 73. Kxh6 {[%clk 00:30:17]} {[%emt
00:00:48]} Qf8+ {[%clk 00:30:44]} {[%emt 00:01:12]} 74. Kg6 {[%clk 00:30:38]}
{[%emt 00:00:09]} Qg8+ {[%clk 00:30:39]} {[%emt 00:00:34]} 75. Qg7 {[%clk
00:30:35]} {[%emt 00:00:33]} Qe8+ {[%clk 00:30:07]} {[%emt 00:01:00]} 76. Kh6
{[%clk 00:30:44]} {[%emt 00:00:24]} Qxb5 {[%clk 00:29:35]} {[%emt 00:01:02]}
77. Qg6 {[%clk 00:30:42]} {[%emt 00:00:32]} Qb8 {[%clk 00:23:47]} {[%emt
00:06:17]} 78. f5 {[%clk 00:29:51]} {[%emt 00:01:21]} Qf8+ {[%clk 00:23:23]}
{[%emt 00:00:55]} 79. Kh7 {[%clk 00:29:50]} {[%emt 00:00:30]} Qe7+ {[%clk
00:23:35]} {[%emt 00:00:16]} 80. Qg7 {[%clk 00:30:10]} {[%emt 00:00:12]} Qe4
{[%clk 00:23:06]} {[%emt 00:00:59]} 81. Qf7 {[%clk 00:30:18]} {[%emt 00:00:23]}
Kg3 {[%clk 00:21:37]} {[%emt 00:01:59]} 82. h6 {[%clk 00:30:33]} {[%emt
00:00:14]} Kh4 {[%clk 00:19:54]} {[%emt 00:02:14]} 83. Kh8 {[%clk 00:30:15]}
{[%emt 00:00:48]} Qa8+ {[%clk 00:18:41]} {[%emt 00:01:43]} 84. Qg8 {[%clk
00:30:32]} {[%emt 00:00:12]} Qa1+ {[%clk 00:18:37]} {[%emt 00:00:34]} 85. Qg7
{[%clk 00:30:08]} {[%emt 00:00:55]} Qa8+ {[%clk 00:18:48]} {[%emt 00:00:19]}
86. Kh7 {[%clk 00:30:30]} {[%emt 00:00:08]} Qe4 {[%clk 00:19:01]} {[%emt
00:00:16]} 87. Qf6+ {[%clk 00:30:49]} {[%emt 00:00:11]} Kh3 {[%clk 00:17:47]}
{[%emt 00:01:44]} 88. Qf8 {[%clk 00:28:40]} {[%emt 00:02:39]} Kh4 {[%clk
00:11:19]} {[%emt 00:06:59]} 89. Kh8 {[%clk 00:28:24]} {[%emt 00:00:46]} Kh5
{[%clk 00:09:26]} {[%emt 00:02:23]} 90. h7 {[%clk 00:28:33]} {[%emt 00:00:20]}
Qc6 {[%clk 00:08:17]} {[%emt 00:01:40]} 91. f6 {[%clk 00:28:42]} {[%emt
00:00:21]} Qc3 {[%clk 00:07:46]} {[%emt 00:01:00]} 92. Qf7+ {[%clk 00:27:05]}
{[%emt 00:02:08]} Kh4 {[%clk 00:08:06]} {[%emt 00:00:11]} 93. Qe7 {[%clk
00:27:26]} {[%emt 00:00:07]} Kh5 {[%clk 00:07:12]} {[%emt 00:01:26]} 94. Kg7
{[%clk 00:25:43]} {[%emt 00:02:12]} Qg3+ {[%clk 00:07:13]} {[%emt 00:00:28]}
95. Kf8 {[%clk 00:26:01]} {[%emt 00:00:13]} Qb8+ {[%clk 00:07:10]} {[%emt
00:00:33]} 96. Qe8+ {[%clk 00:26:18]} {[%emt 00:00:13]} 1-0

[Event "DVM U16 2023"]
[Site "Magdeburg GER"]
[Date "2023.12.28"]
[Round "4"]
[White "Staat, Christian"]
[Black "Koltyhin, Heorhii"]
[Result "0-1"]
[Termination "normal"]
[Board "9.4"]
[WhiteElo "1268"]
[BlackElo "1502"]
[WhiteClock "00:00:40"]
[BlackClock "00:31:41"]
[WhiteTeam "VSG 1880 Offenbach"]
[BlackTeam "SG Grün-Weiß Dresden"]
[PlyCount "70"]
[WhiteFideId "34608141"]
[BlackFideId "34127780"]
[EventCountry "GER"]
[EventRounds "7"]
[EventType "team-swiss"]
[EventDate "2023.12.26"]

1. d4 {[%clk 01:30:59]} f5 {[%clk 01:30:46]} {[%emt 00:00:14]} 2. c4 {[%clk
01:31:22]} {[%emt 00:00:08]} Nf6 {[%clk 01:31:02]} {[%emt 00:00:14]} 3. Nf3
{[%clk 01:31:45]} {[%emt 00:00:06]} c6 {[%clk 01:31:08]} {[%emt 00:00:24]} 4.
g3 {[%clk 01:31:34]} {[%emt 00:00:42]} e6 {[%clk 01:31:23]} {[%emt 00:00:14]}
5. Bg2 {[%clk 01:31:55]} {[%emt 00:00:10]} d5 {[%clk 01:31:42]} {[%emt
00:00:10]} 6. O-O {[%clk 01:28:24]} {[%emt 00:04:01]} Bd6 {[%clk 01:31:16]}
{[%emt 00:00:54]} 7. Nbd2 {[%clk 01:22:49]} {[%emt 00:06:07]} O-O {[%clk
01:31:20]} {[%emt 00:00:26]} 8. Qc2 {[%clk 01:21:50]} {[%emt 00:01:30]} Qe7
{[%clk 01:26:49]} {[%emt 00:04:56]} 9. b3 {[%clk 01:13:47]} {[%emt 00:08:38]}
Na6 {[%clk 01:20:50]} {[%emt 00:06:26]} 10. a3 {[%clk 01:10:08]} {[%emt
00:04:13]} b6 {[%clk 01:20:25]} {[%emt 00:00:53]} 11. Ne1 {[%clk 01:00:00]}
{[%emt 00:10:38]} Bb7 {[%clk 01:18:06]} {[%emt 00:02:49]} 12. Bb2 {[%clk
00:50:32]} {[%emt 00:09:58]} Rac8 {[%clk 01:18:18]} {[%emt 00:00:18]} 13. b4
{[%clk 00:46:07]} {[%emt 00:04:55]} c5 {[%clk 01:18:22]} {[%emt 00:00:25]} 14.
b5 {[%clk 00:45:51]} {[%emt 00:00:47]} Nc7 {[%clk 01:16:57]} {[%emt 00:01:53]}
15. e3 {[%clk 00:40:51]} {[%emt 00:05:31]} cxd4 {[%clk 01:13:48]} {[%emt
00:03:39]} 16. exd4 {[%clk 00:37:29]} {[%emt 00:03:53]} Nxb5 {[%clk 01:11:16]}
{[%emt 00:01:02]} 17. Qb3 {[%clk 00:35:00]} {[%emt 00:04:58]} Nc7 {[%clk
01:09:58]} {[%emt 00:01:45]} 18. Rc1 {[%clk 00:33:00]} {[%emt 00:02:33]} dxc4
{[%clk 01:07:10]} {[%emt 00:03:18]} 19. Nxc4 {[%clk 00:32:58]} {[%emt
00:00:33]} Bxg2 {[%clk 01:07:27]} {[%emt 00:00:12]} 20. Nxg2 {[%clk 00:33:15]}
{[%emt 00:00:13]} Ncd5 {[%clk 01:07:09]} {[%emt 00:00:45]} 21. Nge3 {[%clk
00:30:09]} {[%emt 00:03:39]} Ne4 {[%clk 01:05:22]} {[%emt 00:02:15]} 22. Rfe1
{[%clk 00:22:03]} {[%emt 00:08:38]} Nxe3 {[%clk 01:00:00]} {[%emt 00:05:51]}
23. Qxe3 {[%clk 00:22:25]} {[%emt 00:00:09]} Bc7 {[%clk 00:59:37]} {[%emt
00:00:48]} 24. f3 {[%clk 00:20:50]} {[%emt 00:02:10]} Ng5 {[%clk 01:00:00]}
{[%emt 00:00:08]} 25. Qc3 {[%clk 00:11:39]} {[%emt 00:09:40]} f4 {[%clk
00:57:54]} {[%emt 00:02:35]} 26. d5 {[%clk 00:10:28]} {[%emt 00:01:43]} fxg3
{[%clk 00:55:49]} {[%emt 00:01:35]} 27. Kg2 {[%clk 00:10:04]} {[%emt 00:01:53]}
Rxf3 {[%clk 00:53:32]} 28. Rxe6 {[%clk 00:08:59]} {[%emt 00:04:23]} Rf2+ {[%clk
00:53:42]} {[%emt 00:00:18]} 29. Kh1 {[%clk 00:09:09]} {[%emt 00:00:22]} Rxh2+
{[%clk 00:51:23]} {[%emt 00:02:49]} 30. Kg1 {[%clk 00:09:35]} {[%emt 00:00:04]}
Nxe6 {[%clk 00:51:44]} {[%emt 00:00:09]} 31. dxe6 {[%clk 00:09:10]} {[%emt
00:00:54]} Qc5+ {[%clk 00:36:05]} {[%emt 00:16:07]} 32. Qd4 {[%clk 00:06:00]}
{[%emt 00:03:42]} Bd6 {[%clk 00:32:23]} {[%emt 00:04:10]} 33. Bc3 {[%clk
00:00:40]} {[%emt 00:05:51]} Qxd4+ {[%clk 00:32:04]} {[%emt 00:00:50]} 34. Bxd4
{[%clk 00:00:57]} {[%emt 00:00:13]} b5 {[%clk 00:32:13]} {[%emt 00:00:21]} 35.
Rf1 {[%clk 00:00:40]} {[%emt 00:00:47]} Rxc4 {[%clk 00:31:41]} {[%emt
00:01:01]} 0-1

[Event "DVM U16 2023"]
[Site "Magdeburg GER"]
[Date "2023.12.28"]
[Round "4"]
[White "Honisch, Alexander"]
[Black "Aumüller, Naum"]
[Result "1-0"]
[Termination "normal"]
[Board "10.1"]
[WhiteElo "2155"]
[BlackElo "1881"]
[WhiteClock "00:25:05"]
[BlackClock "00:23:02"]
[WhiteTeam "SK Bebenhausen 1992"]
[BlackTeam "SC Bavaria Regensburg 1881"]
[PlyCount "119"]
[WhiteFideId "16298594"]
[BlackFideId "16263960"]
[EventCountry "GER"]
[EventRounds "7"]
[EventType "team-swiss"]
[EventDate "2023.12.26"]

1. e4 {[%clk 01:30:27]} {[%emt 00:00:32]} e5 {[%clk 01:30:50]} {[%emt
00:00:11]} 2. Nf3 {[%clk 01:30:17]} {[%emt 00:00:40]} Nc6 {[%clk 01:31:13]}
{[%emt 00:00:07]} 3. Bb5 {[%clk 01:29:58]} {[%emt 00:00:48]} a6 {[%clk
01:31:38]} {[%emt 00:00:06]} 4. Ba4 {[%clk 01:29:51]} {[%emt 00:00:37]} Nf6
{[%clk 01:31:44]} {[%emt 00:00:24]} 5. O-O {[%clk 01:29:23]} {[%emt 00:00:58]}
d6 {[%clk 01:31:18]} {[%emt 00:00:56]} 6. Re1 {[%clk 01:19:01]} {[%emt
00:10:52]} Bd7 {[%clk 01:29:14]} {[%emt 00:02:34]} 7. c3 {[%clk 01:17:16]}
{[%emt 00:02:14]} g6 {[%clk 01:26:23]} {[%emt 00:03:21]} 8. d4 {[%clk
01:15:31]} {[%emt 00:02:15]} Bg7 {[%clk 01:26:05]} {[%emt 00:00:48]} 9. Nbd2
{[%clk 01:08:20]} {[%emt 00:07:41]} O-O {[%clk 01:22:38]} {[%emt 00:04:01]} 10.
Nf1 {[%clk 01:06:50]} {[%emt 00:01:57]} Re8 {[%clk 01:12:00]} {[%emt 00:11:08]}
11. Ng3 {[%clk 01:02:38]} {[%emt 00:04:41]} exd4 {[%clk 01:03:02]} {[%emt
00:09:29]} 12. cxd4 {[%clk 00:59:53]} {[%emt 00:03:15]} Bg4 {[%clk 00:50:52]}
{[%emt 00:12:39]} 13. d5 {[%clk 00:44:48]} {[%emt 00:15:36]} b5 {[%clk
00:50:52]} {[%emt 00:00:30]} 14. dxc6 {[%clk 00:44:56]} {[%emt 00:00:22]} bxa4
{[%clk 00:51:10]} {[%emt 00:00:11]} 15. h3 {[%clk 00:44:46]} {[%emt 00:00:40]}
Bxf3 {[%clk 00:37:39]} {[%emt 00:14:02]} 16. Qxf3 {[%clk 00:45:07]} {[%emt
00:00:09]} d5 {[%clk 00:35:53]} {[%emt 00:02:16]} 17. e5 {[%clk 00:27:26]}
{[%emt 00:18:11]} Ne4 {[%clk 00:35:14]} {[%emt 00:01:09]} 18. Nxe4 {[%clk
00:22:30]} {[%emt 00:05:26]} dxe4 {[%clk 00:35:36]} {[%emt 00:00:08]} 19. Rxe4
{[%clk 00:22:58]} {[%emt 00:00:03]} Rxe5 {[%clk 00:27:34]} {[%emt 00:08:32]}
20. Rxe5 {[%clk 00:20:37]} {[%emt 00:02:49]} Bxe5 {[%clk 00:27:53]} {[%emt
00:00:12]} 21. Bf4 {[%clk 00:20:20]} {[%emt 00:00:47]} Bxb2 {[%clk 00:25:51]}
{[%emt 00:02:32]} 22. Rd1 {[%clk 00:20:33]} {[%emt 00:00:17]} Qf6 {[%clk
00:19:13]} {[%emt 00:07:12]} 23. Bxc7 {[%clk 00:15:15]} {[%emt 00:05:45]} Rc8
{[%clk 00:19:08]} {[%emt 00:00:34]} 24. Rd7 {[%clk 00:13:07]} {[%emt 00:02:38]}
Qxf3 {[%clk 00:18:15]} {[%emt 00:01:24]} 25. gxf3 {[%clk 00:13:36]} {[%emt
00:00:01]} Kg7 {[%clk 00:15:41]} {[%emt 00:03:03]} 26. Kf1 {[%clk 00:12:19]}
{[%emt 00:01:47]} h5 {[%clk 00:11:10]} {[%emt 00:05:02]} 27. Ke2 {[%clk
00:12:05]} {[%emt 00:00:44]} Kf6 {[%clk 00:10:08]} {[%emt 00:01:32]} 28. Bd8+
{[%clk 00:04:06]} {[%emt 00:08:28]} Ke6 {[%clk 00:09:56]} {[%emt 00:00:42]} 29.
Re7+ {[%clk 00:04:31]} {[%emt 00:00:05]} Kd6 {[%clk 00:08:23]} {[%emt
00:02:03]} 30. c7 {[%clk 00:04:54]} {[%emt 00:00:08]} Bf6 {[%clk 00:05:26]}
{[%emt 00:03:27]} 31. Rxf7 {[%clk 00:04:27]} {[%emt 00:00:57]} Bxd8 {[%clk
00:05:21]} {[%emt 00:00:35]} 32. cxd8=Q+ {[%clk 00:04:45]} {[%emt 00:00:12]}
Rxd8 {[%clk 00:05:48]} {[%emt 00:00:03]} 33. Rf6+ {[%clk 00:05:06]} {[%emt
00:00:09]} Ke5 {[%clk 00:05:52]} {[%emt 00:00:25]} 34. Rxa6 {[%clk 00:05:06]}
{[%emt 00:00:30]} Rd4 {[%clk 00:04:48]} {[%emt 00:01:34]} 35. Rxg6 {[%clk
00:04:41]} {[%emt 00:00:55]} Rb4 {[%clk 00:03:23]} {[%emt 00:01:56]} 36. Ke3
{[%clk 00:03:23]} {[%emt 00:01:48]} Rb2 {[%clk 00:02:51]} {[%emt 00:01:02]} 37.
Rg5+ {[%clk 00:03:28]} {[%emt 00:00:25]} Kf6 {[%clk 00:03:12]} {[%emt
00:00:09]} 38. Rxh5 {[%clk 00:03:52]} {[%emt 00:00:06]} Rxa2 {[%clk 00:03:40]}
{[%emt 00:00:02]} 39. Ra5 {[%clk 00:04:05]} {[%emt 00:00:13]} a3 {[%clk
00:03:13]} {[%emt 00:01:00]} 40. Kf4 {[%clk 00:03:52]} {[%emt 00:00:43]} Ra1
{[%clk 00:02:03]} {[%emt 00:01:41]} 41. Ra6+ {[%clk 00:03:52]} {[%emt
00:00:30]} Kf7 {[%clk 00:01:00]} {[%emt 00:01:32]} 42. Kf5 {[%clk 00:03:31]}
{[%emt 00:00:51]} a2 {[%clk 00:30:13]} {[%emt 00:01:17]} 43. f4 {[%clk
00:33:48]} {[%emt 00:00:14]} Rh1 {[%clk 00:28:56]} {[%emt 00:01:46]} 44. Rxa2
{[%clk 00:34:11]} {[%emt 00:00:07]} Rxh3 {[%clk 00:29:20]} {[%emt 00:00:06]}
45. Ra7+ {[%clk 00:34:37]} {[%emt 00:00:04]} Kf8 {[%clk 00:28:59]} {[%emt
00:00:52]} 46. Kg6 {[%clk 00:34:08]} {[%emt 00:00:58]} Rf3 {[%clk 00:26:38]}
{[%emt 00:02:51]} 47. f5 {[%clk 00:33:03]} {[%emt 00:01:35]} Rxf2 {[%clk
00:26:38]} {[%emt 00:00:30]} 48. Kf6 {[%clk 00:33:13]} {[%emt 00:00:20]} Ke8
{[%clk 00:25:02]} {[%emt 00:02:07]} 49. Ra8+ {[%clk 00:32:04]} {[%emt
00:01:39]} Kd7 {[%clk 00:24:47]} {[%emt 00:00:45]} 50. Rf8 {[%clk 00:32:29]}
{[%emt 00:00:04]} Rf1 {[%clk 00:23:14]} {[%emt 00:02:03]} 51. Kg7 {[%clk
00:28:35]} {[%emt 00:04:25]} Rg1 {[%clk 00:22:54]} {[%emt 00:00:50]} 52. Kf7
{[%clk 00:28:55]} {[%emt 00:00:08]} Rf1 {[%clk 00:22:32]} {[%emt 00:00:53]} 53.
f6 {[%clk 00:29:14]} {[%emt 00:00:11]} Rf2 {[%clk 00:22:40]} {[%emt 00:00:22]}
54. Ra8 {[%clk 00:28:21]} {[%emt 00:01:23]} Rf1 {[%clk 00:22:55]} {[%emt
00:00:17]} 55. Ra2 {[%clk 00:26:34]} {[%emt 00:02:16]} Rg1 {[%clk 00:22:53]}
{[%emt 00:00:31]} 56. Rd2+ {[%clk 00:26:42]} {[%emt 00:00:22]} Kc7 {[%clk
00:23:10]} {[%emt 00:00:12]} 57. Kf8 {[%clk 00:26:36]} {[%emt 00:00:37]} Rg3
{[%clk 00:23:18]} {[%emt 00:00:23]} 58. f7 {[%clk 00:26:31]} {[%emt 00:00:35]}
Rg1 {[%clk 00:23:40]} {[%emt 00:00:07]} 59. Rd4 {[%clk 00:26:27]} {[%emt
00:00:34]} Rg2 {[%clk 00:23:02]} {[%emt 00:01:09]} 60. Ke7 {[%clk 00:25:05]}
{[%emt 00:01:51]} 1-0